1823 1831 1343 1555 1653 1042 1353 1295 1357 1380 1865 1431 1078 1652 1945 1483 1287 1708 1490 1915 1335 1550 1083 1216 1866 1728 1143 1826 1823 1558 1364 1534 1355 1283 1503 1989 1155 1527 1383 1680 1338 1980 1567 1704 1282 1156 1303 1298 1931 1504 1780 1272 1030 1174 1542 1663 1262 1362 1447 1218 1328 1376 1064 1291 1255 1429 1287 1970 1501 1733 1999 1924 1037 1089 1352 1214 1683 1312 1264 1742 1398 1555 1873 1003 1669 1416 1131 1928 1625 1654 1325 1657 1458 1755 1572 1242 1668 1656 1321 BCNSPRNW ULIB Ver.6.0+V

เปลี่ยนเป็นภาษาไทย

Change to English
 แสดงรายละเอียดบรรณานุกรม
  กลับหน้าหลัก

Brief Record : Get Marc (ISO 2709) : E-mail record : QR code < ปิดหน้าต่าง
LEADER : 00000nam 2200000uu 4500
001    13399112008
003     ULIB
008    110721s2554||||th 000 0 tha d
020    9789743483165
060 04 WY32.JT3^bก118
245 00 กฏหมายวิชาชีพการพยาบาลและจรรยาบรรณวิชาชีพพยาบาล =^bL&E NR(Laws and ethics nursing review) /^cโดย เพื่อนช่วยจำ
246 31 L&E NR (Laws and ethics nursing review)
260    [ม.ป.ท. :^bม.ป.พ.],^c2554
300    202 หน้า ;^c26 ซม.
650  4 การพยาบาล^xกฏหมายและระเบียบข้อบังคับ
650  4 การพยาบาล^xคำถามและคำตอบ
650  4 การพยาบาล^xข้อสอบและเฉลย
650  4 จรรยาบรรณพยาบาล
700 0  เพื่อนช่วยจำ
945    ^p199^l0^i030331
945    ^p199^l0^i030332
945    ^p199^l0^i030333
945    ^p199^l0^i030334
945    ^p199^l0^i030335
945    ^p199^l0^i030336
945    ^p199^l0^i030337
945    ^p199^l0^i030338
945    ^p199^l0^i031038
945    ^p199^l0^i031039
945    ^p199^l0^i031040
995     เกษร
999 ^a ใช้งานได้ทุกระบบ
รายการนี้ยังไม่มีแท็ก
คุณยังไม่ได้ล็อกอิน คุณสามารถมีกิจกรรมร่วมกับเว็บไซต์ได้ แต่ต้องล็อกอินก่อน ::
  ล็อกอิน

รายการสื่อสารสนเทศ

ลำดับที่ ประเภท เลขเรียก/บาร์โค้ด สถานที่ สถานะ
- ไม่พบข้อมูล -

รายการใกล้เคียง
    หัวเรื่อง [จรรยาบรรณพยาบาล]

BibComment


ยังไม่เคยถูกคอมเมนท์

คอมเมนท์ทรัพยากรรายการนี้
  คอมเมนท์: กฏหมายวิชาชีพการพ..


 Copyright 2026. Bcnsprnw @Library